| 000 | 00454nam a22001577a 4500 | ||
|---|---|---|---|
| 005 | 20180118101307.0 | ||
| 008 | 180118b xxu||||| |||| 00| 0 eng d | ||
| 020 | _a0860371301 | ||
| 040 | _cPK-LaUMT | ||
| 082 |
_aPKAC 305.6297101812 _bABU-M |
||
| 100 | _aAbul Hasan Ali Nadwi | ||
| 245 |
_aMuslims in the West: _bthe message and mission/ _cAbul Hasan Ali Nadwi |
||
| 260 |
_aLeicester: _bThe Islamic Foundation, _c1983 |
||
| 300 | _a191 | ||
| 942 | _cBK | ||
| 999 |
_c101817 _d101817 |
||